Přehled statistických metod zpracování dat analýza a metaanalýza dat

Guardado en:
Detalles Bibliográficos
Autor principal: Hendl, Jan
Formato: Libro
Lenguaje:checo
Publicado: Praha Portál 2004
Materias:
Etiquetas: Agregar Etiqueta
Sin Etiquetas, Sea el primero en etiquetar este registro!

MARC

LEADER 00000nam$a2200000$$$4500
001 0025561
005 20240313133430.8
020 |a 80-7178-820-1 
041 0 |a cze 
044 |a CZ 
245 1 0 |a Přehled statistických metod zpracování dat  |b analýza a metaanalýza dat  |c Jan Hendl 
264 1 |a Praha  |b Portál  |c 2004 
300 |a 584 s. 
610 2 0 |a metódy štatistické 
610 2 0 |a spracovanie dát 
610 2 0 |a štatistika 
610 2 0 |a metódy matematicko-štatistické 
610 2 0 |a pravdepodobnosť 
610 2 0 |a odhad štatistický 
610 2 0 |a závislosť štatistická 
610 2 0 |a analýza štatistická 
610 2 0 |a analýza regresná 
610 2 0 |a analýza korelačná 
610 2 0 |a regresia 
610 2 0 |a systémy štatistické 
100 1 |a Hendl, Jan